000 00872 a2200229 4500
005 20260316125709.0
008 260316b |||||||| |||| 00| 0 eng d
020 _a9789387145207 (hbk)
037 _cTB
040 _aCRL
_cCRL
041 _2hin
_ahin
084 _aO152,1x Q8
_qCRL
100 _aअत्रि, दिनेश
_9862225
245 _aरिबन की पीली पंखुड़ी
260 _aदिल्ली, भारत:
_bअनन्य प्रकाशन,
_c2018.
300 _a127पृ.
365 _b275.00
_cINR
650 _aहिन्दी कविता
650 _aहिन्दी साहित्य
942 _cTB
_2CC
_hO152,1x Q8
999 _c1467041
_d1467041